Mikrobiológia požívatín živočíšneho pôvodu

Podrobná bibliografia
Hlavní autori: Grieger, Celestín, 1927- (Autor), Vařejka, František (Autor)
Médium: Kniha
Jazyk:slovenčina
Fyzický popis:288 s. Tb. Sch. 29 cm
Vydavateľské údaje: Bratislava S.l. Príroda VŠV v Košiciach [vyd.] 1991
ISBN:8007003886
Vydanie:2. preprac. a dopl. vyd.

MARC

LEADER 00000nam a2200000 a 4500
001 vtls001065436
003 SK-MaSNL
005 20260301110823.0
008 250414s1991 xo 0 slo
015 |a SNBA1991/08 
020 |a 8007003886 
035 |a SNK000008266 
035 |a urn:nbn:sk:snk-amlr00 
035 |a urn:nbn:sk:snk-am00c0pr 
035 |a 7876809F-8E30-4715-B75F-D6E15943A413 
040 |a SNK  |b slo  |c SNK  |e AACR2 
041 0 |a slo 
044 |a xo  |c SK 
080 |a 579.66:663/664(075.8)  |2 1981 
080 |a 663/664(075.8)  |2 1981 
080 |a 663/664  |2 1981 
080 |a 579.66(075.8)  |2 1981 
100 1 |a Grieger, Celestín,  |d 1927-  |4 aut  |9 205095 
245 1 0 |a Mikrobiológia požívatín živočíšneho pôvodu  |c Celestín Grieger, František Vařejka 
250 |a 2. preprac. a dopl. vyd. 
260 |a Bratislava  |b Príroda  |a S.l.  |b VŠV v Košiciach [vyd.]  |c 1991  |e Nitra  |f Nitrianske tlačiarne 
300 |a 288 s.  |b Tb. Sch.  |c 29 cm 
366 |e 600 výtl. 
500 |a Čl. aj čes. Spoluvyd. VŠV, Brno. 
700 1 |a Vařejka, František  |4 aut  |9 60724 
852 |a Slovenská národná knižnica 
919 |a 80-07-00388-6 
954 |a mikrobiológia potravinárska  |a potraviny 
958 |a CZ 
958 |a TL 
958 |a UV 
999 |c 704342  |d 706272 
952 |t P60, <04>, [BOOK], {604}  |a SNK  |b SNK  |y VYP  |7 0  |p 17A0149030  |o snkSB 48323 D1  |0 0  |1 0  |4 0  |d 1998-07-10  |l 0  |r 2004-12-31 00:00:00  |w 2026-02-23 
952 |a SNK  |b SNK  |y PREZ  |7 0  |p 17A0874070  |o snkSB 48323  |0 0  |1 0  |4 0  |d 2012-07-10  |f 1  |l 0  |r 2025-02-18 00:00:00  |w 2026-02-23